000 00476nam a2200181Ia 4500
003 GCL
008 140319s9999 xx 000 0 eng d
040 _aGCL /
_cGCL
082 0 4 _a418
_bM E
100 1 _aMCCARTHY, MICHAEL
245 1 0 _aENGLISH VOCABULARY IN USE /
_cMCCARTHY, MICHAEL
700 1 _aO'DELL, FELICITY
260 _a[S.N] :
_bCAMBRIBGE UNIVERSITY PRESS ،
_c1994
300 _a296 P
650 0 4 _aENGLISH LANGUAGE
650 0 4 _aLANGUAGES
942 _2ddc
_cBK
999 _c17529
_d17529